000 00303nam a2200121Ia 4500
008 190216s9999||||xx |||||||||||||| ||und||
100 _aKrishnan A P&Amp;Asokan
245 0 _aCommunication Skills
260 _bCalicut University Central Co-Operative
300 _a180
650 _aCommerce
942 _cBK
999 _c8277
_d8277